Statistics for Name a Valid Answer - Baseball

Click here to take the quiz!

General Stats

  • This quiz has been taken 6,594 times
  • The average score is 11 of 18

Answer Stats

Clue#Valid Answers% Correct
Current team that has never won the World Series5
Colorado Rockies | Milwaukee Brewers |
San Diego Padres | Seattle Mariners |
Tampa Bay Rays
94%
Current stadium that has been in use since before 19502Fenway Park | Wrigley Field
85%
Place that had a franchise sometime after 1950
but doesn't now
2Brooklyn | Montreal
79%
Pitcher who has won a league MVP award since 196012
Shohei Ohtani | Clayton Kershaw |
Justin Verlander | Dennis Eckersley |
Roger Clemens | Willie Hernandez |
Rollie Fingers | Vida Blue | Denny McLain |
Bob Gibson | Sandy Koufax
72%
Player with at least 10 Gold Glove awards15
Greg Maddux | Jim Kaat | Brooks Robinson |
Ivan Rodriguez | Ozzie Smith | Roberto Clemente |
Omar Vizquel | Keith Hernandez | Willie Mays |
Ichiro Suzuki | Andruw Jones | Ken Griffey Jr. |
Roberto Alomar | Mike Schmidt | Johnny Bench
69%
Player with 40 home runs and 40 steals in one season5
Jose Canseco | Barry Bonds | Alex Rodriguez |
Alfonso Soriano | Ronald Acuña Jr.
66%
Player with 9 home runs and 9 wins as a pitcher
in the same season
3Babe Ruth | Shohei Ohtani | Wes Ferrell
65%
Player who had at least 3000 hits for the Yankees1Derek Jeter
64%
Pitcher with more than 4000 career strikeouts
other than Nolan Ryan
3Randy Johnson | Roger Clemens | Steve Carlton
62%
Player who hit a walk-off home run in the World Series16
Tommy Henrich | Dusty Rhodes | Eddie Mathews |
Bill Mazeroski | Mickey Mantle | Carlton Fisk |
Kirk Gibson | Mark McGwire | Kirby Puckett |
Joe Carter | Chad Curtis | Derek Jeter |
Alex Gonzalez | Scott Podsednik |
David Freese | Max Muncy
61%
Player with the last name Alou4Matty | Felipe | Moises | Jesús
55%
Player inducted into the Hall of Fame as an Astro2Craig Biggio | Jeff Bagwell
51%
Player with a least 75 career WAR who is not
in the Hall of Fame
10
Barry Bonds | Roger Clemens | Alex Rodriguez |
Albert Pujols | Adrian Beltre | Mike Trout |
Pete Rose | Curt Schilling |
Jim McCormick | Justin Verlander
51%
#1 overall draft pick that won an MVP award7
Bryce Harper | Josh Hamilton | Joe Mauer |
Alex Rodriguez | Chipper Jones |
Ken Griffey Jr. | Jeff Burroughs
49%
Hall of Famer who played for the A's and Yankees6
Reggie Jackson | Rickey Henderson | Tim Raines |
Home Run Baker | Catfish Hunter | Goose Gossage
48%
Manager who won the World Series with
two different teams
3Sparky Anderson | Tony La Russa | Bruce Bochy
37%
Player whose number is retired by 3 separate teams
(not counting Jackie Robinson)
2Nolan Ryan | Frank Robinson
32%
Player who played for the Detroit Tigers for the
entire decade of the 1980s
3Lou Whitaker | Alan Trammell | Jack Morris
30%

Score Distribution

Percentile by Number Answered

Percent of People with Each Score

Your Score History

You have not taken this quiz